| 000 | 01911cam a22004814i 4500 | ||
|---|---|---|---|
| 003 | PE-LiUPU | ||
| 005 | 20250731173430.0 | ||
| 008 | 150706s2012 sp r 000 0 spa d | ||
| 020 | _a9788482676999 | ||
| 035 | _a(Sirsi) i9788482676999 | ||
| 040 |
_aPE-LiUPU _bspa _cPE-LiUPU _erda |
||
| 049 | _aPRUA | ||
| 082 | 0 | 4 |
_a222.103 _bD7 _221 |
| 245 | 0 | 0 |
_aDiccionario del Antiguo Testamento : _bPentateuco / _ceditores T. Desmond Alexander y David W. Baker. |
| 264 | 1 |
_aBarcelona : _bClie, _c2012. |
|
| 300 |
_axx, 911 páginas ; _c26 centímetros |
||
| 336 |
_atext _2rdacontent |
||
| 337 |
_aunmediated _2rdamedia |
||
| 338 |
_avolume _2rdacarrier |
||
| 504 | _aIncluye bibliografía al final de cada artículo. | ||
| 505 | 0 | _aCómo utilizar este diccionario -- Abreviaturas -- Transliteraciones -- Colaboradores -- Artículos -- Diccionario de términos del pentateuco de la A la Z -- Mapas -- Índice de referencias bíblicas -- Índice de materias -- Índice de artículos. | |
| 526 | _aSEG42 | ||
| 526 | _aSEG41 | ||
| 526 | _aSEG40 | ||
| 526 | _aSEG39 | ||
| 526 | _aP94 | ||
| 526 | _aP87 | ||
| 526 | _aP86 | ||
| 526 | _aP85 | ||
| 526 | _aP77 | ||
| 526 | _aP76 | ||
| 526 | _aP35 | ||
| 541 | _g001-0000626; | ||
| 630 |
_aBiblia. _pA.T. _pPentateuco _vDiccionarios _xEspañol. |
||
| 700 | 1 |
_aAlexander, T. Desmond, _eeditor. |
|
| 700 | 1 |
_aBaker, David W.1950- , _eeditor. |
|
| 910 |
_cbd _d20130425 |
||
| 942 |
_2ddc _cBOOK |
||
| 949 |
_a222.103 D7 _wDEWEY _c1 _i67070 _lCCODEBUL1 _mBUL _p56.00 _r0 _sY _tBOOK _u2015-7-6 _xTEOLOGIA _PP35 _o.STAFF. Colección General |
||
| 994 |
_aC0 _bPEPRU |
||
| 596 | _a1 | ||
| 999 |
_a222.103 D7 _wDEWEY _c54778 _i67070 _d54778 _e2019-6-4 _f2021-11-9 _g5 _lCCODEBUL1 _mBUL _n16 _p56.00 _q13 _r0 _sY _tBOOK _u2015-7-6 _xTEOLOGIA _PP35 _0COMPRA _o.STAFF. Colección Teología |
||
| 980 |
_81 _gALBERTO SANCHEZ Responsable de Automatización |
||